| 000 | 00961cam a22002175a 4500 | ||
|---|---|---|---|
| 001 | L137748 | ||
| 008 | 070426s2007 xxk f 000 0 eng d | ||
| 035 | _a(Sirsi) u137748 | ||
| 041 | 0 | _aeng | |
| 100 | 1 | _aMansfield, John R. | |
| 245 | 0 | 0 | _aAspects of valuation practice in Central and Eastern European economies |
| 260 | _c2007 | ||
| 490 | 0 |
_aProperty Management _v25(2), 150-163(14) |
|
| 520 | _aDiscusses professional valuation practice in the Czech Republic, Hungary and Poland, examining the relationship between the bases of valuation and external changes in the regulatory system. Reports that investors often face problems when commissioning valuations that do not accord with internationally recognised definitions of market value. | ||
| 590 | _aKA | ||
| 651 | 4 | _aCENTRAL EUROPE | |
| 651 | 4 | _aEASTERN EUROPE | |
| 690 | _aPROPERTY-COMMERCIAL PROPERTY-COMMERCIAL PROPERTY VALUATION AND INVESTMENT | ||
| 700 | 1 | _aRoyston, Paul J. | |
| 942 | _n0 | ||
| 999 |
_c78703 _d78703 |
||